| 000 | 00422nam a2200181Ia 4500 | ||
|---|---|---|---|
| 001 | 46028 | ||
| 008 | 140429s9999 xx 000 0 und d | ||
| 020 | _a9780415455183 | ||
| 040 | _cPK-LaUMT | ||
| 082 |
_a 297 _bSHE-I |
||
| 100 | _aShepard, William | ||
| 245 |
_aIntroducing Islam _cShepard, William |
||
| 260 |
_aLondon,UK: _bRoutledge, _c2009 |
||
| 300 | _a333 p. | ||
| 546 | _aEN | ||
| 650 | _aIslam | ||
| 942 | _cBK | ||
| 999 |
_c43985 _d43985 |
||